[Event "Iraklion op"]
[Site "Iraklion"]
[Date "1992.??.??"]
[Round "3"]
[White "Kogan, Artur"]
[Black "Wojtkiewicz, Aleksander"]
[Result "0-1"]
[WhiteElo "2370"]
[BlackElo "2495"]

1.e4 c5 2.Nf3 d6 3.d4 cxd4 4.Nxd4 Nf6 5.Nc3 a6 6.a4 Nc6 7.Bc4 e6 8.O-O Be7
9.Ba2 O-O 10.Bg5 Bd7 11.Nf3 Qc7 12.Qe2 Rfd8 13.Rfd1 Rac8 14.Rd2 Be8 15.h3 Ne5
16.Nxe5 dxe5 17.Rad1 Rxd2 18.Rxd2 h6 19.Bh4 Bc6 20.Rd3 b5 21.axb5 axb5 22.Bxf6 Bxf6
23.Rd1 Qb7 24.Re1 b4 25.Nd1 Bb5 26.Qd2 Ba4 27.Bb3 Bg5 28.Qd6 Rd8 29.Qc5 Bd2
30.Re2 Bf4 31.Ne3 Bxb3 32.cxb3 Qxe4 33.Re1 Bxe3 34.Qxe3 Qxe3 35.Rxe3 Rd1+
36.Kh2 Rd2 37.Re4 Rxf2 38.Rxb4 Rxb2 39.Kg3 f5 40.Rb7 Kh7 41.Rb6 g5 42.h4 Kg7
43.Rxe6 Rxb3+ 44.Kf2 Rb2+ 45.Kf1 Rb5 46.h5 Rb1+ 47.Kf2 Rh1 48.Rxe5 Kf6 49.Ra5 g4
50.g3 Kg5 51.Kg2 Rb1 52.Kf2 Rb2+ 53.Kf1 Rb3 54.Kg2 Rf3 55.Ra8 Kxh5 56.Rf8 Kg6
57.Rg8+ Kf7  0-1

[Event "Iraklion op"]
[Site "Iraklion"]
[Date "1992.??.??"]
[Round "4"]
[White "Wojtkiewicz, Aleksander"]
[Black "Georgiev, Krum"]
[Result "1/2-1/2"]
[WhiteElo "2495"]
[BlackElo "2505"]

1.Nf3 Nf6 2.c4 g6 3.g3 Bg7 4.Bg2 O-O 5.d4 d6 6.O-O c6 7.Nc3 a6 8.e4 Nfd7
9.Qe2 b5 10.e5 bxc4 11.exd6 exd6 12.Qxc4 Nb6  1/2-1/2

[Event "Iraklion op"]
[Site "Iraklion"]
[Date "1992.??.??"]
[Round "7"]
[White "Tompa, Janos"]
[Black "Wojtkiewicz, Aleksander"]
[Result "0-1"]
[WhiteElo "2415"]
[BlackElo "2495"]

1.e4 c5 2.Nf3 d6 3.d4 cxd4 4.Nxd4 Nf6 5.Nc3 a6 6.Be2 e6 7.O-O Be7 8.f4 O-O
9.Kh1 Qc7 10.a4 Nc6 11.Be3 Re8 12.Bg1 Bd7 13.Qd3 Nxd4 14.Bxd4 e5 15.fxe5 dxe5
16.Qg3 Bd8 17.Be3 Be6 18.Bh6 g6 19.Rad1 Be7 20.Bg5 Kg7 21.Bxf6+ Bxf6 22.Bg4 Rad8
23.Qf3 Qe7 24.Rxd8 Rxd8 25.Bxe6 fxe6 26.Rd1 Rd4 27.b3 Bg5 28.g3 h5 29.Rd3 Qd8
30.Kg2 Qc7 31.Kh3 Qc6 32.Qf1 Bd2 33.Nb1 Qxc2 34.Rxd4 exd4 35.Qf2 Qxb1 36.Qxd4+ Kf7
37.Qxd2 Qxe4 38.Qd7+ Kf6 39.Qd8+ Ke5 40.Qc7+ Kd4 41.Qc4+ Ke3 42.Qc3+ Ke2
43.b4 Qf5+  0-1

[Event "Katowice op"]
[Site "Katowice"]
[Date "1992.??.??"]
[Round "1"]
[White "Fronczek, Heinrich"]
[Black "Wojtkiewicz, Aleksander"]
[Result "0-1"]
[WhiteElo "2260"]
[BlackElo "2495"]

1.d4 Nf6 2.c4 g6 3.Nc3 Bg7 4.e4 d6 5.Bf4 O-O 6.Nf3 Bg4 7.Be2 Nfd7 8.Qd2 Nc6
9.d5 Bxf3 10.Bxf3 Nd4 11.Bd1 Ne5 12.Bxe5 Bxe5 13.f4 Bg7 14.O-O c5 15.Ne2 b5
16.cxb5 Nxb5 17.Rc1 Qb6 18.Kh1 Rab8 19.Ba4 Rfc8 20.Rc4 Qa6 21.Bxb5 Rxb5 22.b3 Rcb8
23.Ra4 Qb6 24.Rc1 a5 25.Rac4 Qa6 26.Qe3 Qa8 27.Nc3 Rb4 28.e5 a4 29.Nxa4 Rxc4
30.Rxc4 Qxd5 31.Nc3 Qa8 32.Ra4 Qb7 33.Qe4 Qxe4 34.Nxe4 c4 35.exd6 exd6 36.Rxc4 d5
37.Ra4 Re8 38.Kg1 dxe4 39.Kf2 f5 40.g4 e3+ 41.Ke2 fxg4 42.Rc4 h5 43.Rc5 Bh6
44.f5 Rd8 45.fxg6 Rd2+ 46.Ke1 Rxh2 47.a4 Bf4  0-1

[Event "Katowice op"]
[Site "Katowice"]
[Date "1992.??.??"]
[Round "2"]
[White "Wojtkiewicz, Aleksander"]
[Black "Perelshteyn, Mikhail"]
[Result "1-0"]
[WhiteElo "2495"]
[BlackElo "2370"]

1.Nf3 Nf6 2.c4 g6 3.g3 Bg7 4.Bg2 O-O 5.d4 a6 6.O-O Nc6 7.Nc3 d6 8.Qd3 Bf5
9.e4 Bg4 10.d5 Bxf3 11.Qxf3 Nd4 12.Qd1 c5 13.dxc6 Nxc6 14.Bd2 Nd7 15.Rc1 Nde5
16.b3 b5 17.cxb5 axb5 18.Be3 Nb4 19.a4 bxa4 20.Nxa4 Rb8 21.Qe2 Qa5 22.f4 Ned3
23.Rcd1 Qa6 24.Rd2 Rfc8 25.Rfd1 Nc1 26.Qxa6 Nxa6 27.Nb6 Rc3 28.Nd5 Rxe3 29.Nxe3 Nxb3
30.Ra2 Nac5 31.Nc4 Nd4 32.Rda1 Bf6 33.Ra8 Rxa8 34.Rxa8+ Kg7 35.h4 Kh6 36.Ra7 Nd3
37.Rd7 Nc5 38.Ra7 Nd3 39.Bh3 Kh5 40.Ra5+ Kh6 41.e5 dxe5 42.fxe5  1-0

[Event "Katowice op"]
[Site "Katowice"]
[Date "1992.??.??"]
[Round "4"]
[White "Wojtkiewicz, Aleksander"]
[Black "Espig, Lutz"]
[Result "1-0"]
[WhiteElo "2495"]
[BlackElo "2415"]

1.Nf3 d6 2.d4 Nf6 3.c4 Nbd7 4.Nc3 e5 5.e4 Be7 6.Be2 O-O 7.O-O c6 8.Re1 a6
9.a3 Qc7 10.Bf1 b5 11.Bg5 Bb7 12.Rc1 Qb8 13.h3 Re8 14.Qc2 h6 15.Be3 Bf8 16.Rcd1 exd4
17.Bxd4 Ne5 18.Nd2 Nfd7 19.Be3 Nf6 20.Kh1 Qc7 21.Bd4 Rac8 22.Rc1 Qb8 23.Qd1 Nfd7
24.cxb5 cxb5 25.f4 Nc6 26.Bf2 Ne7 27.Bd3 Ng6 28.Bg3 Nf6 29.Qf3 Qa8 30.Bf2 Bc6
31.Bd4 Be7 32.Nf1 Nf8 33.Ng3 Ne6 34.Bf2 Nc5 35.Bb1 Bf8 36.Bd4 Ncd7 37.Qd3 g6
38.e5 dxe5 39.fxe5  1-0

[Event "Katowice op"]
[Site "Katowice"]
[Date "1992.??.??"]
[Round "7"]
[White "Dobosz, Henryk"]
[Black "Wojtkiewicz, Aleksander"]
[Result "1/2-1/2"]
[WhiteElo "2415"]
[BlackElo "2495"]

1.d4 Nf6 2.c4 e6 3.Nf3 c5 4.e3 d5 5.Nc3 Nc6 6.a3 a6 7.h3 cxd4 8.exd4 Be7
9.Bd3 dxc4 10.Bxc4 b5 11.Ba2 Bb7 12.O-O O-O 13.Be3 b4 14.Na4 bxa3 15.bxa3 Na5
16.Nc5 Bd5 17.Qe2 Bxa2 18.Rxa2 Qd5 19.Rc2 Rfe8  1/2-1/2

[Event "Komotini op"]
[Site "Komotini"]
[Date "1992.??.??"]
[Round "?"]
[White "Wojtkiewicz, Aleksander"]
[Black "Blees, Albert"]
[Result "0-1"]
[WhiteElo "2530"]
[BlackElo "2415"]

1.Nf3 Nf6 2.c4 g6 3.g3 Bg7 4.Bg2 O-O 5.d4 d6 6.O-O Nbd7 7.Nc3 e5 8.h3 c6
9.e4 Qb6 10.c5 dxc5 11.dxe5 Ne8 12.Na4 Qb5 13.Bg5 Nc7 14.Be7 Re8 15.Bd6 Ne6
16.Re1 c4 17.Re3 Nxe5 18.Nxe5 Bxe5 19.Nc3 Bxc3 20.Rxc3 Ng5 21.a4 Qxb2 22.Rc2 Qg7
23.Kh2 Nxe4 24.Bb4 Bf5 25.g4 Rad8 26.Qc1 Be6 27.Ra3 Bd5 28.Re3 Qf6 29.Rce2 Re6
30.Kg1 Rde8 31.Qb1 Ng3  0-1

[Event "Komotini op"]
[Site "Komotini"]
[Date "1992.??.??"]
[Round "?"]
[White "Wojtkiewicz, Aleksander"]
[Black "Vragoteris, Antonios"]
[Result "1-0"]
[WhiteElo "2530"]
[BlackElo "2340"]

1.Nf3 Nf6 2.c4 g6 3.g3 Bg7 4.Bg2 O-O 5.d4 d6 6.O-O Nbd7 7.Nc3 e5 8.h3 exd4
9.Nxd4 Re8 10.e4 Nc5 11.Re1 Bd7 12.Rb1 Qc8 13.g4 h5 14.f3 hxg4 15.hxg4 c6
16.Bf4 Ne6 17.Be3 Qc7 18.Nde2 Rad8 19.Qd2 Bc8 20.Rbd1 Kh7 21.Kf2 Kg8 22.Rh1 Nc5
23.g5 Nh5 24.Nf4 Nxf4 25.Bxf4 Qb6 26.Be3 Qb4 27.Bf1 Qa5 28.Be2 Qc7 29.Bd4 Re5
30.f4 Nxe4+ 31.Nxe4 Rxe4 32.Bxg7  1-0

[Event "Komotini op"]
[Site "Komotini"]
[Date "1992.??.??"]
[Round "?"]
[White "Miles, Anthony J"]
[Black "Wojtkiewicz, Aleksander"]
[Result "1-0"]
[WhiteElo "2595"]
[BlackElo "2530"]

1.d4 Nf6 2.Nf3 g6 3.c4 Bg7 4.Nc3 O-O 5.e4 d6 6.Be2 e5 7.O-O Nc6 8.d5 Ne7
9.b4 Nh5 10.g3 f5 11.Ng5 Nf6 12.f3 f4 13.Kg2 a5 14.b5 b6 15.Rb1 Ne8 16.Ne6 Bxe6
17.dxe6 Bh6 18.Nd5 Ng7 19.c5 bxc5 20.Bc4 Kh8 21.Nc3 Nc8 22.Bd5 Ra7 23.g4 Bg5
24.Rb2 Bh4 25.Kh1 Nb6 26.Na4 Qe7 27.Nxb6 cxb6 28.Rd2 c4 29.Bb2 Rd8 30.Rg1 Bg5
31.Bxc4 Raa8 32.Bd5 Ra7 33.Bc4 Bf6 34.g5 Bxg5 35.Rxg5 Qxg5 36.Rxd6 Re8 37.Rd5 Rae7
38.Bxe5 Qh4 39.Rd7 Kg8 40.Bd6 Qf6 41.Bxe7  1-0

[Event "Komotini op"]
[Site "Komotini"]
[Date "1992.??.??"]
[Round "?"]
[White "Conquest, Stuart"]
[Black "Wojtkiewicz, Aleksander"]
[Result "1-0"]
[WhiteElo "2495"]
[BlackElo "2530"]

1.d4 Nf6 2.c4 g6 3.Nc3 Bg7 4.e4 d6 5.Nf3 O-O 6.Be3 Na6 7.h3 e5 8.d5 Nh5 9.Nh2 Qe8
10.Rg1 f5 11.exf5 gxf5 12.g4 Nf4 13.Qc2 Kh8 14.O-O-O Bd7 15.Nf3 Qe7 16.Re1 Qd8
17.Qd1 c5 18.dxc6 Bxc6 19.Bxf4 exf4 20.gxf5 Qb6 21.Re7 Bf6 22.Rxh7+ Kxh7
23.Ng5+ Bxg5 24.Qh5+ Kg7 25.Qg6+  1-0

[Event "Manila ol (Men)"]
[Site "Manila"]
[Date "1992.??.??"]
[Round "?"]
[White "Yurtaev, Leonid"]
[Black "Wojtkiewicz, Aleksander"]
[Result "1/2-1/2"]
[WhiteElo "2515"]
[BlackElo "2495"]

1.e4 c5 2.Nf3 d6 3.d4 cxd4 4.Nxd4 Nf6 5.Nc3 a6 6.Be2 e6 7.O-O Qc7 8.Bg5 Nbd7
9.Bh5 g6 10.Be2 b5 11.Re1 Bb7 12.a4 b4 13.Nd5 exd5 14.exd5 Be7 15.Nc6 Bxc6
16.dxc6 Nc5 17.Bxa6 O-O 18.Bb5 Ne6 19.Bh4 d5 20.Qf3 Ne4 21.Bxe7 Qxe7 22.Rad1 Qc5
23.Qe3 Rfd8 24.f3 Qxe3+ 25.Rxe3 N4c5 26.b3 d4 27.Re5 Rd6 28.h4 Na6 29.f4 Nac7
30.f5 gxf5 31.Rxf5 Rd5 32.g4 Rad8 33.Re1 Kf8 34.Bc4 Rxf5 35.gxf5 Nf4 36.a5 Nfd5
37.a6 Ne3 38.Bd3 Ke7 39.Kf2 Ra8 40.Kf3 Kd6 41.Ra1 Kxc6 42.a7 Kb6 43.Ke4 Rd8
44.Ke5 Ned5 45.Kxd4 Nf4+ 46.Ke5 Nxd3+ 47.cxd3 Kb7 48.d4 Rd5+ 49.Ke4 Rd6 50.Ra4 f6
51.h5 Ka8 52.h6 Rd7 53.Ra5 Kb7 54.Ra1 Ka8 55.Ra5 Kb7 56.Ra1 Ka8 57.Ra5 Kb7  1/2-1/2

[Event "Manila ol (Men)"]
[Site "Manila"]
[Date "1992.??.??"]
[Round "?"]
[White "Xu Jun"]
[Black "Wojtkiewicz, Aleksander"]
[Result "1/2-1/2"]
[WhiteElo "2535"]
[BlackElo "2495"]

1.Nf3 c5 2.c4 Nf6 3.Nc3 Nc6 4.d4 cxd4 5.Nxd4 e6 6.a3 Qc7 7.e3 b6 8.Be2 Bb7
9.O-O a6 10.b3 Be7 11.Bb2 O-O 12.Rc1 Rac8 13.Nf3 Qb8 14.h3 Rfd8 15.b4 d6
16.Qb3 Nd7 17.Rfd1 Nce5 18.Ne1 Nf6 19.Nb1 Ned7 20.Nd2 Qa8 21.Bd4 Rc7 22.Bf1 Rdc8
23.Qb1 Bf8 24.Nef3 h6 25.Qa1 Ne4 26.Nxe4 Bxe4 27.Nd2 Bb7 28.Re1 d5 29.cxd5 Bxd5
30.Rxc7 Rxc7 31.Rc1 Rxc1  1/2-1/2

[Event "Manila ol (Men)"]
[Site "Manila"]
[Date "1992.??.??"]
[Round "?"]
[White "Wojtkiewicz, Aleksander"]
[Black "Suba, Mihai"]
[Result "1/2-1/2"]
[WhiteElo "2495"]
[BlackElo "2520"]

1.Nf3 c5 2.c4 Nf6 3.Nc3 e6 4.g3 b6 5.Bg2 Bb7 6.O-O a6 7.Re1 Be7 8.e4 d6 9.d4 cxd4
10.Nxd4 Qc7 11.Be3 O-O 12.Rc1 Re8 13.b3 Nbd7 14.f4 Bf8 15.Bf2  1/2-1/2

[Event "Manila ol (Men)"]
[Site "Manila"]
[Date "1992.??.??"]
[Round "?"]
[White "Wojtkiewicz, Aleksander"]
[Black "Spraggett, Kevin"]
[Result "1/2-1/2"]
[WhiteElo "2495"]
[BlackElo "2545"]

1.Nf3 Nf6 2.c4 g6 3.g3 Bg7 4.Bg2 O-O 5.d4 c6 6.Nc3 d6 7.O-O Qa5 8.e4 e5 9.Re1 Nbd7
10.h3 Re8 11.Rb1 a6 12.b4 Qc7 13.dxe5 Nxe5 14.Nxe5 dxe5 15.c5 Be6 16.Be3 h5
17.Qc2  1/2-1/2

[Event "Manila ol (Men)"]
[Site "Manila"]
[Date "1992.??.??"]
[Round "?"]
[White "Ftacnik, Lubomir"]
[Black "Wojtkiewicz, Aleksander"]
[Result "1/2-1/2"]
[WhiteElo "2550"]
[BlackElo "2495"]

1.d4 Nf6 2.Nf3 g6 3.c4 Bg7 4.Nc3 O-O 5.e4 d6 6.Be2 e5 7.O-O Nc6 8.d5 Ne7
9.Nd2 a5 10.a3 Nd7 11.Rb1 f5 12.b4 Kh8 13.Qc2 Nf6 14.f3 Nh5 15.g3 Ng8 16.c5 axb4
17.axb4 Ngf6 18.Nc4 fxe4 19.fxe4 Bh3 20.Re1 Ng4 21.Bxg4 Bxg4 22.Ne3 Nf4 23.Rf1 Qg5
24.h4 Qh5 25.gxf4 exf4 26.Rxf4 Bf3 27.Qh2 Bxc3 28.Nf1 Rxf4 29.Qxf4 Be2 30.e5 Bxf1
31.Qf6+  1/2-1/2

[Event "Manila ol (Men)"]
[Site "Manila"]
[Date "1992.??.??"]
[Round "?"]
[White "Wojtkiewicz, Aleksander"]
[Black "Ho Van Huynh"]
[Result "1-0"]
[WhiteElo "2495"]
[BlackElo "2360"]

1.Nf3 Nf6 2.c4 c5 3.g3 Nc6 4.Nc3 d5 5.d4 e6 6.cxd5 exd5 7.Bg2 cxd4 8.Nxd4 Be7
9.O-O O-O 10.Be3 Re8 11.Qa4 Ne5 12.Nxd5 Nxd5 13.Bxd5 Bh3 14.Bxb7 Rb8 15.Nc6 Nxc6
16.Bxc6 Bxf1 17.Bxe8 Bxe2 18.Bc6 a6 19.Qc2 Bd3 20.Qd2 Bb4 21.Qd1 Be7 22.b3 Rc8
23.Rc1 Bb4 24.Qf3 Qd6 25.Bd5 Rxc1+ 26.Bxc1 Bg6 27.Be3 h6 28.h4 Qe5 29.Bc4 a5
30.Kh2 Be1 31.a3 Bc3 32.Qa8+ Kh7 33.Qd5 Qxd5 34.Bxd5 f6 35.Bc5 Bd3 36.h5 g6
37.hxg6+ Kxg6 38.b4 axb4 39.Bxb4 Bd4 40.Kg1 Kf5 41.Bd2 h5 42.Bf3 Kg6 43.a4 Ba6
44.a5 f5 45.Bg2 Bc8 46.Bf1 Bf6 47.a6 Bxa6 48.Bxa6 h4 49.gxh4 Bxh4 50.Bd3 Bf6
51.Be3 Be5 52.Kf1 Kf6 53.f4 Bb2 54.Ke2 Ba3 55.Bd4+ Ke6 56.Bc4+ Kd7 57.Be5 Ke7
58.Kd3 Bc5 59.Bg8 Ba3 60.Kc4  1-0

[Event "New York op"]
[Site "New York"]
[Date "1992.??.??"]
[Round "5"]
[White "Ivanov, Alexander"]
[Black "Wojtkiewicz, Aleksander"]
[Result "0-1"]
[WhiteElo "2555"]
[BlackElo "2495"]

1.e4 c5 2.Nf3 d6 3.d4 cxd4 4.Nxd4 Nf6 5.Nc3 a6 6.g3 e6 7.Bg2 Be7 8.O-O Bd7
9.a4 Nc6 10.Be3 O-O 11.h3 Qc7 12.Qe2 Nxd4 13.Bxd4 Bc6 14.Rfd1 b6 15.Ra3 Bb7
16.Na2 Nd7 17.Rc3 Qb8 18.Re3 Rc8 19.b3 Qc7 20.c4 Re8 21.Qb2 Bf8 22.Re2 Nc5
23.Nc3 Rac8 24.h4 Nd7 25.Ree1 Ne5 26.Qe2 Nc6 27.Be3 Ne5 28.f4 Nd7 29.Qc2 Nf6
30.Bf3 d5 31.e5 Nd7 32.Qg2 Ba8 33.Nxd5 exd5 34.cxd5 Qc3 35.Rb1 Qc2 36.Qxc2 Rxc2
37.Rec1 Rec8 38.Bg4 Rxc1+ 39.Bxc1 Rc2 40.Bxd7 Bc5+ 41.Kf1 Bxd5 42.Bb2 Be4  0-1

[Event "New York op"]
[Site "New York"]
[Date "1992.??.??"]
[Round "6"]
[White "Wojtkiewicz, Aleksander"]
[Black "Dzindzichashvili, Roman"]
[Result "1/2-1/2"]
[WhiteElo "2495"]
[BlackElo "2560"]

1.Nf3 c5 2.c4 g6 3.g3 Bg7 4.Bg2 Nc6 5.Nc3 d6 6.O-O Nh6 7.d3 Nf5 8.Bd2 O-O
9.a3 Bd7 10.Rb1 a5 11.Ne1 Rb8 12.Nc2 Nfd4  1/2-1/2

[Event "World op"]
[Site "Philadelphia"]
[Date "1992.??.??"]
[Round "5"]
[White "Wojtkiewicz, Aleksander"]
[Black "Fang, Joseph"]
[Result "1-0"]
[WhiteElo "2495"]
[BlackElo "2335"]

1.Nf3 g6 2.d4 Bg7 3.g3 Nf6 4.Bg2 O-O 5.c4 d6 6.O-O c6 7.Nc3 Qa5 8.e4 Qh5
9.e5 dxe5 10.dxe5 Ng4 11.Re1 Nd7 12.Bf4 g5 13.Bxg5 Ndxe5 14.Bh4 Qf5 15.Bxe7 Nxf2
16.Kxf2 Nd3+ 17.Kg1 Re8 18.Re3 Bd4 19.Qd2 Bb6 20.c5 Nxc5 21.Nd4 Qg6 22.Bxc5 Rxe3
23.Qxe3 Bxc5 24.Qe8+ Bf8 25.Rf1 f5  1-0

[Event "World op"]
[Site "Philadelphia"]
[Date "1992.??.??"]
[Round "7"]
[White "Ivanov, Alexander"]
[Black "Wojtkiewicz, Aleksander"]
[Result "1-0"]
[WhiteElo "2555"]
[BlackElo "2495"]

1.e4 c5 2.Ne2 Nf6 3.Nbc3 d6 4.g3 Nc6 5.Bg2 g6 6.d4 cxd4 7.Nxd4 Bd7 8.Nb3 Bg7
9.h3 Qc8 10.f4 O-O 11.Be3 a5 12.a3 a4 13.Nd2 b5 14.Nd5 Nxd5 15.exd5 Na5 16.c3 h5
17.Qe2 Re8 18.Qf2 Rb8 19.Ba7 Rb7 20.Bd4 e5 21.fxe5 dxe5 22.Bc5 Nc4 23.Nxc4 bxc4
24.O-O-O Bf5 25.d6 Bh6+ 26.Be3 Qc5 27.Rde1 Rb3 28.Rhf1 Reb8 29.Bxh6 Rxc3+
30.Kd1 Rd3+ 31.Bd2 Qxd6 32.Kc1 c3 33.Bxc3 Rxc3+  1-0

[Event "World op"]
[Site "Philadelphia"]
[Date "1992.??.??"]
[Round "8"]
[White "Wojtkiewicz, Aleksander"]
[Black "Van Wely, Loek"]
[Result "1/2-1/2"]
[WhiteElo "2495"]
[BlackElo "2560"]

1.Nf3 g6 2.d4 Bg7 3.c4 Nf6 4.g3 O-O 5.Bg2 d6 6.O-O Nbd7 7.Nc3 e5 8.h3 exd4
9.Nxd4 Re8 10.e4 a6 11.Re1 Rb8 12.Rb1 h6 13.b3 Nc5 14.f3 Bd7 15.Be3 b5 16.cxb5 axb5
17.b4 Ne6 18.Qd2 Nxd4 19.Bxd4 Be6 20.Nd5 c5 21.bxc5  1/2-1/2

[Event "World op"]
[Site "Philadelphia"]
[Date "1992.??.??"]
[Round "9"]
[White "Rohde, Michael A"]
[Black "Wojtkiewicz, Aleksander"]
[Result "1-0"]
[WhiteElo "2585"]
[BlackElo "2495"]

1.d4 Nf6 2.Nf3 g6 3.Bg5 Bg7 4.Nbd2 d5 5.e3 O-O 6.Be2 Nbd7 7.O-O Re8 8.c4 h6
9.Bh4 dxc4 10.Nxc4 c5 11.Rc1 b6 12.Nfe5 Bb7 13.Nxd7 Qxd7 14.dxc5 Qe6 15.Bxf6 Qxf6
16.Bf3 Red8 17.Bxb7 Rxd1 18.Rfxd1 Rf8 19.c6 b5 20.Na5 Qxb2 21.c7 Be5 22.c8=Q Rxc8
23.Rxc8+ Kg7 24.Bd5 Qa3 25.Nc6 Bd6 26.Nd4 Bxh2+ 27.Kxh2 Qd6+ 28.Kg1 Qxd5
29.Rd2 a5 30.Nf3 Qe4 31.Rc7 a4 32.Rdd7 Qb1+ 33.Kh2 Qxa2 34.Rxe7 b4 35.Ne5 Kf6
36.f4 Kf5 37.Nxf7 Qe2 38.Nxh6+ Kf6 39.Ng8+  1-0

[Event "POL-ch"]
[Site "?"]
[Date "1992.??.??"]
[Round "2"]
[White "Maciejewski, Andrzej"]
[Black "Wojtkiewicz, Aleksander"]
[Result "1/2-1/2"]
[WhiteElo "2350"]
[BlackElo "2495"]

1.g3 g6 2.Bg2 Bg7 3.Nf3 d6 4.d4 Nf6 5.Nc3 O-O 6.O-O Nbd7 7.e4 e5 8.dxe5 dxe5
9.a4 a5 10.b3 Re8 11.Bb2 c6 12.Nd2 Nb6 13.Qe2 Bg4 14.Qe3 Bf8 15.h3  1/2-1/2

[Event "POL-ch"]
[Site "?"]
[Date "1992.??.??"]
[Round "6"]
[White "Schmidt, Wlodzimierz"]
[Black "Wojtkiewicz, Aleksander"]
[Result "1/2-1/2"]
[WhiteElo "2465"]
[BlackElo "2495"]

1.d4 Nf6 2.c4 e6 3.Nf3 c5 4.d5 d6 5.Nc3 exd5 6.cxd5 g6 7.Nd2 Bg7 8.e4 O-O
9.Be2 Na6 10.O-O Nc7 11.a4 b6 12.Kh1 Rb8 13.Nc4 Ba6 14.f3 Qd7 15.Rb1 Bxc4
16.Bxc4 a6 17.b4 b5 18.Bd3 c4 19.Bc2 bxa4 20.Bxa4 Nb5  1/2-1/2

[Event "POL-ch"]
[Site "?"]
[Date "1992.??.??"]
[Round "8"]
[White "Wojtkiewicz, Aleksander"]
[Black "Czerwonski, Aleksander"]
[Result "1-0"]
[WhiteElo "2495"]
[BlackElo "2370"]

1.Nf3 Nf6 2.c4 e6 3.g3 d5 4.Bg2 dxc4 5.Qa4+ Bd7 6.Qxc4 c5 7.Ne5 Nc6 8.Nxc6 Bxc6
9.Bxc6+ bxc6 10.O-O Be7 11.d3 Rb8 12.Nd2 h5 13.Nf3 h4 14.Nxh4 Rb4 15.Qa6 Qd7
16.Nf3 Rb6 17.Qc4 Rb4 18.Qa6 Rb6 19.Qc4 Rb4 20.Qc3 e5 21.a3 Rd4 22.Bg5 Nd5
23.Qb3 Bd6 24.e4 Nf4 25.Bxf4 exf4 26.e5 Bc7 27.e6 fxe6 28.Nxd4 cxd4 29.Rac1 Qd6
30.Qa4 Kd7 31.Rc4 Bb6 32.Rfc1 Rc8 33.Qd1 g5 34.Qh5 Qe5 35.Qf7+ Kd6 36.Qb7 Qh8
37.Rxc6+ Rxc6 38.Rxc6+ Ke5 39.Qf7 Qh6 40.Kg2 g4 41.gxf4+  1-0

[Event "POL-ch"]
[Site "?"]
[Date "1992.??.??"]
[Round "9"]
[White "Seifert, Henryk"]
[Black "Wojtkiewicz, Aleksander"]
[Result "0-1"]
[WhiteElo "2330"]
[BlackElo "2495"]

1.e4 c5 2.Nf3 d6 3.d4 cxd4 4.Qxd4 a6 5.c4 Nc6 6.Qd2 g6 7.b3 Bg7 8.Bb2 Bxb2
9.Qxb2 Nf6 10.Be2 Bg4 11.O-O O-O 12.Nc3 Bxf3 13.Bxf3 Nd4 14.Be2 e5 15.Rfe1 Ne8
16.Rad1 Nc7 17.Bf1 Qg5 18.Rd3 Kh8 19.g3 Qe7 20.Bg2 b5 21.cxb5 axb5 22.b4 Ra6
23.Ree3 Rfa8 24.Bf1 Qd7 25.Rd1 Ra3 26.Rxd4 exd4 27.Nd5 Nxd5 28.Rxa3 Rxa3
29.Qxa3 Nc3 30.Bd3 Kg7 31.Qb3 h5 32.h4 Qb7 33.Qc2 Qa7 34.Kg2 Qa8 35.f3 Qa3
36.Qb3 Qc1 37.Qc2 Qxc2+ 38.Bxc2 Nxa2 39.Bd3 Nxb4 40.Bxb5 Kf6 41.f4 Na2 42.Kf3 Nc3
43.Bc4 Ke7 44.Bb3 d3  0-1

[Event "POL-ch"]
[Site "?"]
[Date "1992.??.??"]
[Round "10"]
[White "Wojtkiewicz, Aleksander"]
[Black "Przewoznik, Jan"]
[Result "1-0"]
[WhiteElo "2495"]
[BlackElo "2415"]

1.Nf3 c5 2.c4 Nc6 3.d4 cxd4 4.Nxd4 Nf6 5.Nc3 e6 6.a3 Qc7 7.Bg5 a6 8.e3 Be7
9.Rc1 O-O 10.Be2 b6 11.Bf4 Ne5 12.O-O Bb7 13.Bg3 d6 14.f4 Nxc4 15.Nb1 b5
16.b3 Bxg2 17.Bxc4 Bxf1 18.Bd5 Qxc1 19.Qxc1 Nxd5 20.Kxf1 Rac8 21.Qd2 Rc5
22.e4 Nf6 23.Nc3 Rfc8 24.Nde2 a5 25.Bh4 b4 26.axb4 axb4 27.Bxf6 Bxf6 28.Na4 Bc3
29.Qxd6 R5c6 30.Qd7 R6c7 31.Qd3 Rc6 32.Qb5 Rd6 33.Qb7 Rd1+ 34.Kf2 Be1+ 35.Kg2 Rcd8
36.Nb6 R1d3 37.Qe7 Bc3 38.Nc4 Bf6 39.Qc7 Rxb3 40.e5 Bh4 41.Nd6 Rf8 42.Nd4 Rb2+
43.Kh3 Bf2 44.Nc6 g6 45.f5 exf5 46.e6 fxe6 47.Ne7+ Kh8 48.Ne8 Bd4 49.Qd6 Rb3+
50.Kg2 Rb2+ 51.Kf3 Bg7 52.Nxg7 Rb3+ 53.Kf4 Kxg7 54.Qxe6 Rh3 55.Nd5 Kh6 56.Qe7 Rc8
57.Qg5+ Kg7 58.Qe7+ Kh6 59.Qg5+ Kg7 60.Qf6+ Kh6 61.Ne3 Rxe3 62.Qh4+ Kg7 63.Kxe3 Re8+
64.Kf3 Re4 65.Qd8 Kh6 66.h3 Kh5 67.Qd7 h6 68.Qd1 Kg5 69.Qd2+ Kh5 70.Kg3 g5
71.Qd1+ Kg6 72.Qd6+ Kh5 73.Qd5 f4+ 74.Kf2 Re3 75.Qd1+ Kg6 76.h4 b3 77.h5+ Kf5
78.Qd7+ Ke5 79.Qg7+ Ke4 80.Qg6+ Kd4 81.Qxh6 b2  1-0

[Event "POL-ch"]
[Site "?"]
[Date "1992.??.??"]
[Round "12"]
[White "Wojtkiewicz, Aleksander"]
[Black "Pedzich, Dominik"]
[Result "1/2-1/2"]
[WhiteElo "2495"]
[BlackElo "2385"]

1.Nf3 Nf6 2.c4 g6 3.d4 Bg7 4.g3 O-O 5.Bg2 c6 6.Nc3 d5 7.Qb3 Qb6 8.O-O Bf5
9.Ne5 Rd8 10.cxd5 Qxb3 11.axb3 cxd5 12.Bf4 h6 13.g4 Bxg4 14.Nxg4 Nxg4 15.Nxd5 Nc6
16.h3 Nf6 17.Nxf6+ Bxf6 18.e3 e5 19.dxe5 Bxe5 20.Bxh6 Rd7 21.Rfd1 Rad8  1/2-1/2

[Event "POL-ch"]
[Site "?"]
[Date "1992.??.??"]
[Round "13"]
[White "Panczyk, Krzysztof"]
[Black "Wojtkiewicz, Aleksander"]
[Result "1-0"]
[WhiteElo "2425"]
[BlackElo "2495"]

1.Nf3 g6 2.d4 Bg7 3.g3 Nf6 4.Bg2 O-O 5.c4 d6 6.O-O Nbd7 7.Nc3 e5 8.e4 c6
9.h3 Qb6 10.d5 Nc5 11.Ne1 cxd5 12.cxd5 Bd7 13.Nd3 Nxd3 14.Qxd3 Rfc8 15.Rb1 Nh5
16.Be3 Qb4 17.Qd1 Rc4 18.Kh2 Rac8 19.Bf3 Nf6 20.a3 Qa5 21.Qb3 b5 22.Be2 Rxc3
23.bxc3 Nxe4 24.Bxb5 Bf5 25.Qb4 Qxb4 26.Rxb4 Nxc3 27.Ba6 Rd8 28.g4 Bd7 29.Bb7 a5
30.Rb3 e4 31.Bb6 Be5+ 32.Kg2 Rb8 33.Bc7 a4 34.Rb6 Re8 35.Bxd6 Bd4 36.Rb4 Bf6
37.Bc6  1-0

[Event "POL-ch"]
[Site "?"]
[Date "1992.??.??"]
[Round "15"]
[White "Urban, Klaudiusz"]
[Black "Wojtkiewicz, Aleksander"]
[Result "0-1"]
[WhiteElo "2465"]
[BlackElo "2495"]

1.d4 Nf6 2.c4 g6 3.Nc3 Bg7 4.e4 d6 5.Nf3 O-O 6.Be2 e5 7.O-O Nc6 8.d5 Ne7
9.Nd2 a5 10.a3 Nd7 11.Rb1 f5 12.b4 Kh8 13.f3 Ng8 14.c5 axb4 15.axb4 dxc5
16.bxc5 Nxc5 17.Nc4 fxe4 18.fxe4 Rxf1+ 19.Bxf1 Nf6 20.Qc2 Nfxe4 21.Nxe5 Bxe5
22.Nxe4 Qh4 23.Ng3 Bf5 24.Nxf5 Qxh2+ 25.Kf2 Rf8 26.Qxc5 Rxf5+ 27.Ke2 Qh5+
28.Kd2 Rxf1 29.Bb2 Qg5+ 30.Kd3 Qf5+ 31.Kd2 Rf2+  0-1

[Event "Slupsk op"]
[Site "Slupsk"]
[Date "1992.??.??"]
[Round "?"]
[White "Kveinys, Aloyzas"]
[Black "Wojtkiewicz, Aleksander"]
[Result "1-0"]
[WhiteElo "2545"]
[BlackElo "2530"]

1.e4 c5 2.c3 d5 3.exd5 Qxd5 4.d4 e6 5.Nf3 Nf6 6.Be2 cxd4 7.Nxd4 a6 8.Bf3 Qd6
9.Qe2 Qc7 10.Nd2 Bd7 11.Nc4 Nc6 12.Nf5 b5 13.Nce3 Rd8 14.O-O Ne5 15.Re1 g6
16.Nd4 Bg7 17.Nec2 Nxf3+ 18.Qxf3 Qc5 19.Nb4 O-O 20.Nxa6 Qd6 21.Nb4 e5 22.Nb3 Bg4
23.Qc6 Qb8 24.Na6 Qa7 25.Be3 Bd7 26.Bxa7 Bxc6 27.Nac5  1-0

[Event "Slupsk op"]
[Site "Slupsk"]
[Date "1992.??.??"]
[Round "?"]
[White "Urban, Klaudiusz"]
[Black "Wojtkiewicz, Aleksander"]
[Result "0-1"]
[WhiteElo "2455"]
[BlackElo "2530"]

1.d4 Nf6 2.c4 g6 3.Nc3 Bg7 4.e4 d6 5.f3 O-O 6.Be3 c5 7.d5 e6 8.dxe6 Bxe6
9.Bd3 Nc6 10.Nge2 a6 11.O-O Nd7 12.Rc1 Nde5 13.b3 Nd4 14.Bb1 Nec6 15.Ng3 b5
16.f4 Re8 17.Bd2 bxc4 18.f5 Bd7 19.bxc4 Ne5 20.Nd5 Bc6 21.Ne2 Nxc4 22.Rxc4 Nxe2+
23.Qxe2 Bxd5 24.Ra4 Qd7 25.Ra3 Bxe4 26.Bxe4 Bd4+ 27.Kh1 d5 28.Qf3 dxe4 29.Qh3 Qb5
30.g4 e3 31.Be1 Rab8 32.fxg6 fxg6 33.Qf3 Rf8 34.Qd5+ Kh8 35.Rg1 Rbd8 36.Qe4 Rde8
37.Qd5 Rf1 38.Rb3 e2 39.Rg3 Qb1  0-1

[Event "Slupsk op"]
[Site "Slupsk"]
[Date "1992.??.??"]
[Round "?"]
[White "Wojtkiewicz, Aleksander"]
[Black "Dawidow, Jacek"]
[Result "1-0"]
[WhiteElo "2530"]
[BlackElo "2375"]

1.Nf3 Nf6 2.c4 g6 3.g3 Bg7 4.Bg2 O-O 5.d4 c6 6.Nc3 d6 7.O-O a5 8.Nh4 Be6
9.d5 cxd5 10.cxd5 Bd7 11.e4 Na6 12.h3 Nc5 13.Be3 Qb6 14.Rb1 Qb4 15.Re1 Rfc8
16.Bd4 Ne8 17.Nf3 Na4 18.e5 Nc5 19.g4 b5 20.a3 Qb3 21.Qd2 Na4 22.e6 fxe6
23.dxe6 Bc6 24.Bxg7 Nxg7 25.Nd4 Qc4 26.Nxc6 Rxc6 27.Nd5 Re8 28.b3  1-0

[Event "Slupsk op"]
[Site "Slupsk"]
[Date "1992.??.??"]
[Round "?"]
[White "Wojtkiewicz, Aleksander"]
[Black "Ivanov, Sergey"]
[Result "1-0"]
[WhiteElo "2530"]
[BlackElo "2470"]

1.Nf3 d5 2.d4 Nf6 3.c4 e6 4.g3 dxc4 5.Qa4+ Nbd7 6.Bg2 a6 7.Qxc4 b5 8.Qc6 Rb8
9.Bf4 Nd5 10.Bg5 Be7 11.Bxe7 Qxe7 12.Nc3 Nb4 13.Qxc7 Nc2+ 14.Kd1 Nxa1 15.Ne5 Qd8
16.Qxd8+ Kxd8 17.Nc6+ Kc7 18.Nxb8 Nb6 19.Nc6 Bb7 20.d5 Bxc6 21.dxc6 b4 22.Ne4 b3
23.Nc5 Kd6 24.Nb7+ Kc7 25.Kd2 Nc2 26.Kc3 Nd5+ 27.Bxd5 exd5 28.Nc5 a5 29.Nxb3 Nb4
30.Nxa5 Nxa2+ 31.Kb3 Ra8 32.Ra1 Rxa5 33.Rxa2 Rb5+ 34.Kc3 Kxc6 35.Ra7 d4+
36.Kxd4 Rxb2 37.Rxf7 Rxe2 38.Rxg7 h5 39.Rh7  1-0